00234nam a22000977a 4500008004100000082001100041245004800052260000900100300001000109440001700119180802b xxu||||| |||| 00| 0 eng d a813.52 aFoundations of Mental Health CarecMosbby,E c2005 a1fCD x0323026567R2